|
|
|
|
| LEADER |
00000cam a2200000 7i4500 |
| 001 |
0000052521 |
| 005 |
20130130.0 |
| 008 |
110127 bm |
| 020 |
|
|
|a 9832639042
|
| 090 |
0 |
0 |
|a 621.3893 TOC
|
| 100 |
1 |
|
|a Tocci, Ronald J.
|
| 245 |
1 |
0 |
|a Sistem Digit :
|b Prinsip Dan Kegunaan
|c Ronald J. Tocci, Neil S Widmer
|
| 250 |
|
|
|a Edisi Kelapan
|
| 260 |
|
|
|a Selangor :
|b Prentice Hall Pearson Malaysia Sdn.Bhd. ,
|c 2003
|
| 300 |
|
|
|a xix,818p. :
|b ill ;
|c 30cm.
|
| 650 |
0 |
0 |
|a Digital electronics
|
| 999 |
|
|
|a 253747
|b Buku
|c Rujukan
|e Perbadanan Perpustakaan Awam Melaka
|
| 999 |
|
|
|a 253748
|b Buku
|c Rujukan
|e Perpustakaan Cawangan Masjid Tanah
|